Sports Quiz

Random Sports Quiz

Most Single Season HR Relative to Career Quiz Stats

Quiz not verified by Sporcle

Challenge
Share
Tweet
Embed
Score 0/35 Timer 07:00
1 Play Today
% Player (Year, Team) % Correct
22.18%Roger Maris (1961 Yankees)
97.6%
16.10%Luis Gonzalez (2001 Diamondbacks)
66.8%
14.94%Shawn Green (2001 Dodgers)
63.4%
15.99%Cecil Fielder (1990 Tigers)
62%
17.52%Hank Greenberg (1938 Tigers)
53.2%
17.03%David Ortiz (2006 Red Sox)
50.2%
19.20%Adrian Beltre (2004 Dodgers)
48.3%
14.94%George Foster (1977 Reds)
47.3%
14.08%Greg Vaughn (1998 Padres)
45.9%
14.63%Ralph Kiner (1949 Pirates)
42.9%
17.74%George Bell (1987 Blue Jays)
42.4%
16.33%Cy Williams (1923 Phillies)
38%
15.08%Todd Helton (2001 Rockies)
38%
14.21%Johnny Mize (1947 Giants)
36.6%
14.39%Aramis Ramirez (2006 Cubs)
35.1%
15.70%Derrek Lee (2005 Cubs)
32.7%
14.56%Adam Dunn (2004 Reds)
29.8%
16.79%Gorman Thomas (1979 Brewers)
29.3%
% Player (Year, Team) % Correct
14.60%Dante Bichette (1995 Rockies)
26.3%
15.02%Carlos Beltran (2006 Mets)
23.9%
15.46%Troy Glaus (2000 Angels)
23.4%
14.38%Vinny Castilla (1998 Rockies)
23.4%
14.71%Richie Sexson (2001/2003 Brewers)
22.9%
14.38%Lance Berkman (2006 Astros)
22.9%
17.56%Ted Kluszewski (1954 Reds)
22.4%
15.86%Alfonso Soriano (2006 Nationals)
20.5%
14.18%Ryne Sandberg (1990 Cubs)
19%
14.19%Jay Buhner (1996 Mariners)
18%
14.33%Chuck Klein (1929 Phillies)
17.6%
16.54%Javy Lopez (2003 Braves)
13.7%
14.68%Bret Boone (2001 Mariners)
13.7%
17.13%Tony Armas (1984 Red Sox)
11.7%
14.24%Hank Sauer (1954 Cubs)
5.9%
14.29%Joe Torre (1966 Braves)
5.4%
14.67%Matt Stairs (1999 Athletics)
2.4%

You're not logged in!

Compare scores with friends on all Sporcle quizzes.
Sign Up with Email
OR
Log In

You Might Also Like...

Show Comments

Extras

Top Quizzes Today


Score Distribution

Your Account Isn't Verified!

In order to create a playlist on Sporcle, you need to verify the email address you used during registration. Go to your Sporcle Settings to finish the process.